| 000 | 00793cab a2200253 4500 | ||
|---|---|---|---|
| 001 | ABS56997 | ||
| 008 | 090401t1997 xxu||||| |||| 00| 0 eng d | ||
| 035 | _a(Sirsi) u98432 | ||
| 041 | _aeng | ||
| 100 | _aCollett, A. | ||
| 245 | _aLandlords go househunting | ||
| 260 | _c1997 | ||
| 350 | _a0 | ||
| 490 |
_aEstates Gazette _v(9720) 17 May 1997, 144-146(3) |
||
| 520 | _aInvestigates potential returns from investing in the private rental sector (PRS). Includes tables comparing rates of return on investments. | ||
| 650 | _aHOUSE PRICES | ||
| 650 | _aINVESTMENT | ||
| 650 | _aOWNER-OCCUPATION | ||
| 650 | _aPRIVATE RENTED ACCOMMODATION | ||
| 650 | _aRENTED HOUSING | ||
| 690 | _aPROPERTY-RESIDENTIAL PROPERTY-RESIDENTIAL PROPERTY MARKET | ||
| 942 | _n0 | ||
| 948 | _c03/06/1997 | ||
| 999 |
_c59825 _d59825 |
||